000 00319nam a22001217a 4500
999 _c5004
_d5004
008 250509b ||||| |||| 00| 0 eng d
020 _a9780718194420
082 _a823.914 NIC
100 _aNICOLL,HELEN
_eAUTHOR
245 _aMEG AND MOG
260 _a80 Strand,London WC2R0RL,England
_bPUFFIN BOOKS
_c2012
942 _2ddc